| 000 | 01107nam a2200409 a 4500 | ||
|---|---|---|---|
| 003 | AR-BaBNM | ||
| 005 | 20251128203445.0 | ||
| 008 | 082120s2002 ||||||||||||||000 | spa|| | ||
| 040 | _cAR-BaBNM | ||
| 100 | 1 | _aAguado Bleye, Pedro | |
| 245 | 0 | 0 |
_aManual de historia de España _bcasa de Borbón [1700-1808] y españa contemporánea [1808-1955] _n3 |
| 250 | _a9ª ed. | ||
| 260 |
_aMadrid _bEspasa-Calpe _c1964 |
||
| 300 |
_a1057 p. _bláms., il., mapas |
||
| 504 | _aContiene bibliografía para consultar al finalizar cada capítulo. | ||
| 650 | 4 | _aARTE | |
| 650 | 4 | _aHISTORIA EUROPEA | |
| 650 | 4 | _aHISTORIOGRAFIA | |
| 650 | 4 | _aGUERRA | |
| 650 | 4 | _aSOCIEDAD | |
| 650 | 4 | _aECONOMIA | |
| 650 | 4 | _aRELIGION | |
| 650 | 4 | _aJUDAISMO | |
| 650 | 4 | _aCULTURA | |
| 650 | 4 | _aCRISTIANISMO | |
| 650 | 4 | _aHISTORIA MODERNA | |
| 650 | 4 | _aMUSICA | |
| 650 | 4 | _aESCLAVITUD | |
| 650 | 4 | _aHISTORIA LATINOAMERICANA | |
| 650 | 4 | _aGUERRA | |
| 650 | 4 | _aARQUITECTURA | |
| 650 | 4 | _aCIENCIAS POLITICAS | |
| 651 | 4 | _aEspaña | |
| 700 | 1 | _aAlcázar Molina, Cayetano | |
| 942 | _cBK | ||
| 998 | _cmariana | ||
| 999 |
_c3471 _d3471 |
||